Central Library OPAC University of Rajshahi

স্মরণী্‌য় বরণীয় / (Record no. 36793)

MARC details
000 -LEADER
fixed length control field 00682nam a2200205 4500
001 - CONTROL NUMBER
control field 36793
003 - CONTROL NUMBER IDENTIFIER
rucl marc code BD-RjUL
005 - DATE AND TIME OF LATEST TRANSACTION
control field 20211209052537.0
008 - FIXED-LENGTH DATA ELEMENTS--GENERAL INFORMATION
fixed length control field 140906s1964 bg |||| ||| 000 0cben d
035 ## - SYSTEM CONTROL NUMBER
System control number (BD-RjUL)36895
040 ## - CATALOGING SOURCE
Original cataloging agency BD-RjUL
Language of cataloging ben
Transcribing agency BD-RjUL
041 ## - LANGUAGE CODE
Language code of text/sound track or separate title ben
100 ## - MAIN ENTRY--PERSONAL NAME
Personal name আহমদ, বেগম জেবু
9 (RLIN) 112232
245 ## - TITLE STATEMENT
Title স্মরণী্‌য় বরণীয় /
Statement of responsibility, etc. বেগম জেবু আহমদ,
260 ## - PUBLICATION, DISTRIBUTION, ETC. (IMPRINT)
Place of publication, distribution, etc. ঢাকা :
Name of publisher, distributor, etc. বাংলা একাডেমী,
Date of publication, distribution, etc. ১৯৬৪
300 ## - PHYSICAL DESCRIPTION
Pagination [২],১০৬পৃ.;
Size ২২ সেমি.
650 ## - SUBJECT ADDED ENTRY--TOPICAL TERM
Topical term or geographic name as entry element জীবনী
9 (RLIN) 112233
Topical term or geographic name as entry element Biography
9 (RLIN) 112234
942 ## - ADDED ENTRY ELEMENTS (KOHA)
Source of classification or shelving scheme Dewey Decimal Classification
Koha item type Books
Holdings
Lost status Source of classification or shelving scheme Damaged status Not for loan Collection code Permanent Location Current Location Shelving location Date acquired Source of acquisition Cost, normal purchase price Total Checkouts Full call number Date last seen Copy number Koha item type
  Dewey Decimal Classification     Non-fiction Central Library, University of Rajshahi Central Library, University of Rajshahi   06/07/1968 নওরোজ 1.50   ৯২০ আহস্ম ১৯৬৪ 06/09/2014 ক-১০ Books